[Event "Zilina Region-ch"]
[Site "Zilina"]
[Date "2013.05.19"]
[Round "5"]
[White "Peresini, Martin"]
[Black "Svabik, Jan"]
[Result "1-0"]
[WhiteElo "1398"]
[BlackElo "1691"]
[PlyCount "83"]
[EventDate "2013.05.17"]
[EventType "swiss"]
[EventRounds "6"]
[EventCountry "SVK"]
[SourceTitle "CBM 154 Extra"]
[Source "ChessBase"]
[SourceDate "2013.06.25"]
[SourceVersion "2"]
[SourceVersionDate "2013.06.25"]
[SourceQuality "1"]

1. e4 c5 2. d4 cxd4 3. c3 Nc6 4. cxd4 g6 5. Nf3 Bg7 6. Nc3 e5 7. d5 Nd4 8. Nxd4 exd4 9. Nb5 Qb6 10. Bf4 Nf6 11. Nc7+ Kf8 12. Nxa8 Qxb2 13. f3 Nh5 14. Bd6+ Ke8 15. Rc1 f5 16. Rxc8+ Kf7 17. Rxh8 Bxh8 18. Be2 Qc3+ 19. Qd2 d3 20. Bxd3 Qa1+ 21. Qd1 Bc3+ 22. Ke2 Qxa2+ 23. Qc2 Qa5 24. Rc1 Bb4 25. Qc7 Kf6 26. Qxd7 Bxd6 27. Qxd6+ Kg5 28. g3 Qa2+ 29. Rc2 Qa1 30. exf5 Qg1 31. h4+ Kh6 32. fxg6 Nxg3+ 33. Kd2 Qf2+ 34. Kc3 Qe1+ 35. Kc4 b5+ 36. Kxb5 a6+ 37. Qxa6 Qe8+ 38. Qc6 Qb8+ 39. Nb6 Qh8 40. gxh7+ Kh5 41. Qg6+ Kxh4 42. Qg4# 1-0

[Event "SVK-ch Seniors-A"]
[Site "Tatranske Matliare"]
[Date "2010.06.06"]
[Round "1"]
[White "Mihalik, Anton"]
[Black "Svabik, Jan"]
[Result "0-1"]
[WhiteElo "1921"]
[BlackElo "1743"]
[PlyCount "88"]
[EventDate "2010.06.06"]
[EventType "swiss"]
[EventRounds "9"]
[EventCountry "SVK"]
[SourceTitle "EXT 2023"]
[Source "ChessBase"]
[SourceDate "2022.10.05"]
[SourceVersion "1"]
[SourceVersionDate "2022.10.05"]
[SourceQuality "1"]

1. c4 g6 2. Nc3 c6 3. Nf3 Bg7 4. e3 d6 5. Be2 Nf6 6. 0-0 0-0 7. d4 d5 8. h3 Be6 9. cxd5 Nxd5 10. e4 Nxc3 11. bxc3 f6 12. Be3 Qa5 13. Qd2 Na6 14. Qb2 Qb6 15. Qa3 Qc7 16. Bxa6 bxa6 17. Qxa6 Qb6 18. Qa3 Qc7 19. Rfb1 Rfb8 20. Ne1 Bc4 21. Rb4 Bf7 22. Nd3 Rxb4 23. Qxb4 Rb8 24. Qa4 Rb5 25. Nb4 a5 26. Na6 Qb6 27. Nc5 Bf8 28. Nd7 Rb1+ 29. Rxb1 Qxb1+ 30. Kh2 Qxe4 31. Nxf8 Bd5 32. f3 Qxe3 33. Nd7 Qxc3 34. Nb6 Qb4 35. Qxb4 axb4 36. Nxd5 cxd5 37. Kg3 e5 38. Kf2 Kf7 39. Ke3 Ke6 40. g4 g5 41. Kd3 Kd6 42. dxe5+ fxe5 43. Ke3 Kc5 44. Kd3 d4 0-1